| 000 | 00977nas a2200325 4500 | ||
|---|---|---|---|
| 001 | BR2012009238 | ||
| 003 | BR-BrBNA | ||
| 005 | 20231205121607.0 | ||
| 007 | ta | ||
| 008 | 230509b bl.|||p| |||| 00| 00por d | ||
| 040 |
_aBR-BrBNA _bpor _cBiblioteca Nacional de Agricultura |
||
| 041 | _a(Pt) | ||
| 072 | _aF03 | ||
| 100 | 1 | _aPinto, J.F.N. | |
| 100 | 1 | _aReis, E.F. dos | |
| 100 | 1 | _aCosta Netto, A.P. da | |
| 100 | 1 | _aPinto, J.F.N. | |
| 100 | 1 | _aAssunção, H.F. da | |
| 100 | 1 | _aNunes, H.F. | |
| 245 | 1 | _aEfeito de diferentes tratamentos na superação da dormência de sementes da palmeira Syagrus oleracea Becc. | |
| 650 | _aGUARIROBA | ||
| 650 | _aSYAGRUS OLERACEAE | ||
| 650 | _aDORMÊNCIA DA SEMENTE | ||
| 650 | _aTRATAMENTO | ||
| 650 | _aGERMINAÇÃO | ||
| 650 | _aEMBEBIÇÃO | ||
| 773 | 0 |
_tCerne (Brazil) _xISSN 0104-7760 _g(Jul-Sep 2012), v. 18(3) p. 487-493 _wBR2012009238 |
|
| 909 |
_a202311 _bLúcia _c55 _dLúcia Elande |
||
| 942 |
_2AGRIS _n0 _cANA |
||
| 999 |
_c224283 _d224283 |
||